Выставка "Реконструкция, ремонт и сроительство трубопроводов"; Трубопроводы и экология; № 1

書誌詳細
Parent link:Трубопроводы и экология: научно-практический журнал.— , 2002-2012
№ 1.— 2003.— С. 4-6
第一著者: Бухин В. Е.
言語:ロシア語
出版事項: 2003
シリーズ:События
主題:
フォーマット: 図書の章
KOHA link:https://koha.lib.tpu.ru/cgi-bin/koha/opac-detail.pl?biblionumber=386044

MARC

LEADER 00000naa2a2200000 4500
001 386044
005 20231101063427.0
035 |a (RuTPU)RU\TPU\prd\14368 
090 |a 386044 
100 |a 20030527a2003 k y0rusy50 ca 
101 0 |a rus 
102 |a RU 
200 1 |a Выставка "Реконструкция, ремонт и сроительство трубопроводов"  |f В. Е. Бухин 
225 1 |a События 
461 1 |0 (RuTPU)RU\TPU\prd\4239  |t Трубопроводы и экология  |o научно-практический журнал  |d 2002-2012 
463 1 |0 (RuTPU)RU\TPU\prd\13778  |t № 1  |v С. 4-6  |d 2003 
610 1 |a трубопроводы 
610 1 |a выставки 
610 1 |a реконструкция 
610 1 |a строительсво 
610 1 |a стеклопластиковые трубы 
700 1 |a Бухин  |b В. Е. 
801 1 |a RU  |b 63413507  |c 20030527  |g PSBO 
801 2 |a RU  |b 63413507  |c 20140703  |g RCR 
942 |c BK